00404nam a2200121Ia 4500008004100000245014300041260001700184260000900201300000800210650002300218650001200241856002900253170516s9999 xx 000 0 und d 2aA New Method to Assay Protease Based on Amyloid Misfolding: Application to Prostate Cancer Diagnosis Using a Panel of Proteases Biomarkers bTheranostics c2014 a4:7 xMedical Technology xMedtech uhttp://www.thno.org/v4i7